De la vida, del amor y la muerte (Record no. 18210)

MARC details
000 -LEADER
campo de control de longitud fija 00899nam a2200253 i 4500
001 - NÚMERO DE CONTROL
campo de control 18210
003 - IDENTIFICADOR DE NÚMERO DE CONTROL
campo de control ES-MaACL
005 - FECHA Y HORA DE LA ÚLTIMA TRANSACCIÓN
campo de control 20241117063058.0
007 - CAMPO FIJO DE DESCRIPCIÓN FÍSICA--INFORMACIÓN GENERAL
campo de control de longitud fija t|
008 - DATOS DE LONGITUD FIJA--INFORMACIÓN GENERAL
campo de control de longitud fija 010813s1997 sp ||||0|dspa j
020 ## - NÚMERO INTERNACIONAL ESTÁNDAR DEL LIBRO
Número Internacional Estándar del Libro 84-920091-4-4
080 ## - NÚMERO DE LA CLASIFICACIÓN DECIMAL UNIVERSAL
Número de la Clasificación Decimal Universal 39(460.182)(094.5)
100 0# - ENTRADA PRINCIPAL--NOMBRE DE PERSONA
Nombre de persona Fernández de Mata, Ignacio,
Fechas asociadas al nombre 1967-
9 (RLIN) 49688
245 10 - MENCIÓN DEL TÍTULO
Título De la vida, del amor y la muerte
Resto del título : Burgos en la encuesta de 1901-1902 del Ateneo de Madrid : fuentes para la investigación antropológica /
Mención de responsabilidad, etc. Ignacio Fernández de Mata.
250 ## - MENCION DE EDICION
Mención de edición 1ª ed.
260 ## - PUBLICACIÓN, DISTRIBUCIÓN, ETC.
Lugar de publicación, distribución, etc. Burgos :
Nombre del editor, distribuidor, etc. Librería Berceo,
Fecha de publicación, distribución, etc. 1997.
300 ## - DESCRIPCIÓN FÍSICA
Extensión 169 p :
Otras características físicas il ;
Dimensiones 24 cm.
610 24 - PUNTO DE ACCESO ADICIONAL DE MATERIA--NOMBRE DE ENTIDAD CORPORATIVA
Nombre de entidad corporativa o nombre de jurisdicción como elemento de entrada Ateneo de Madrid-
Subdivisión general Encuesta de 1901-1902
9 (RLIN) 1917
650 #7 - PUNTO DE ACCESO ADICIONAL DE MATERIA--TÉRMINO DE MATERIA
Fuente del encabezamiento o término embne
9 (RLIN) 227290
Término de materia o nombre geográfico como elemento de entrada Encuestas
651 #4 - PUNTO DE ACCESO ADICIONAL DE MATERIA--NOMBRE GEOGRÁFICO
Nombre geográfico Burgos (Provincia)-
Subdivisión general Usos y costumbres-
Subdivisión de forma Encuestas.
9 (RLIN) 7910
852 ## - LOCALIZACIÓN
Ubicación ES-MaACL
Número de control de estantería L-24895
942 ## - ELEMENTOS DE ENTRADA SECUNDARIOS (KOHA)
Fuente del sistema de clasificación o colocación Clasificación decimal universal
Holdings
Estatus retirado Estado de pérdida Estado de daño No para préstamo Colección Biblioteca de origen Biblioteca actual Ubicación en estantería Fecha de adquisición Fuente de adquisición Total de préstamos Signatura topográfica completa Código de barras Visto por última vez Precio de reemplazo Tipo de ítem Koha
        Fondo Ateneo de Madrid Biblioteca del Ateneo de Madrid Biblioteca del Ateneo de Madrid Depósito 2 17/01/2008     L-24895 1018619 23/02/2023 23/02/2023 Libro impreso